[Event "AUTO-INT-2958"]
[Site "http://www.queenalice.com/game.php?id=1341894"]
[Date "2015.2.15"]
[Round "1"]
[White "Nelsonbento"]
[Black "xmas"]
[Result "1-0"]
[WhiteElo "1568"]
[BlackElo "1499"]

1. d4 Nf6 2. b4 b6 3. f3 e6 4. a3 Nh5 5. g3 Bb7 6. Bb2 d5 7. Nh3 Bd6 8. Qd3 Nxg3
9. hxg3 Bxg3+ 10. Kd1 Qf6 11. Rg1 Qh4 12. Nd2 Ba6 13. Qe3 Bd6 14. Rxg7 Nc6 15.
c4 Qf6 16. Rg4 O-O-O 17. b5 h5 18. Rg1 1-0

[Event "AUTO-INT-2958"]
[Site "http://www.queenalice.com/game.php?id=1341895"]
[Date "2015.2.15"]
[Round "1"]
[White "xmas"]
[Black "Nelsonbento"]
[Result "0-1"]
[WhiteElo "1486"]
[BlackElo "1581"]

1. e4 e5 2. Nf3 Qf6 3. Nc3 c6 4. d4 d6 5. Bg5 Qe6 6. b3 h6 7. d5 Qg6 8. Bh4 Nf6
9. Bg3 Nh5 10. Nh4 Qg5 11. Be2 Nxg3 12. fxg3 Qe3 13. Qd3 Qxd3 14. Bxd3 a5 15.
O-O Be7 16. Nf5 Bxf5 17. exf5 Bg5 18. Be4 Be3+ 19. Kh1 Na6 20. dxc6 O-O 21. cxb7
Rab8 22. Nd5 Nc5 23. Nxe3 Nxe4 0-1

[Event "AUTO-INT-2958"]
[Site "http://www.queenalice.com/game.php?id=1341910"]
[Date "2015.2.15"]
[Round "1"]
[White "xmas"]
[Black "marcao"]
[Result "0-1"]
[WhiteElo "1446"]
[BlackElo "1645"]

1. e4 e5 2. Nf3 Nc6 3. Bc4 h6 4. d4 d6 5. d5 Na5 6. Bd3 Be7 7. b4 c5 8. bxa5
Qxa5+ 9. Bd2 Qb6 10. O-O Nf6 0-1

[Event "AUTO-INT-2958"]
[Site "http://www.queenalice.com/game.php?id=1341911"]
[Date "2015.2.15"]
[Round "1"]
[White "marcao"]
[Black "xmas"]
[Result "1-0"]
[WhiteElo "1631"]
[BlackElo "1392"]

1. d4 Nf6 2. Nc3 Nc6 3. Bf4 Nxd4 4. Qxd4 d6 5. e3 e5 6. Bxe5 dxe5 7. Qxe5+ Be7
8. Nb5 c6 9. Nc3 O-O 10. h3 Bd6 11. Qd4 b5 12. Nf3 c5 13. Qd1 1-0

[Event "AUTO-INT-2959"]
[Site "http://www.queenalice.com/game.php?id=1342107"]
[Date "2015.2.17"]
[Round "1"]
[White "xmas"]
[Black "zemari"]
[Result "0-1"]
[WhiteElo "1438"]
[BlackElo "1612"]

1. e4 e5 2. Nf3 f6 3. Bc4 Bc5 4. Nxe5 fxe5 5. Qh5+ g6 6. Qxe5+ Qe7 7. Qxh8 Qxe4+
8. Kd1 Qxc4 9. Re1+ Be7 10. Qxh7 d6 11. Qxg6+ Kd8 12. d3 Qd5 13. Nc3 Bf5 0-1

[Event "AUTO-INT-2959"]
[Site "http://www.queenalice.com/game.php?id=1342109"]
[Date "2015.2.17"]
[Round "1"]
[White "xmas"]
[Black "tomcapp"]
[Result "0-1"]
[WhiteElo "1429"]
[BlackElo "1367"]

1. e4 e5 2. Nf3 Nc6 3. Bc4 Nf6 4. Nc3 Bb4 5. Nd5 Nxd5 6. exd5 Nd4 7. Nxe5 d6 8.
c3 Bxc3 9. dxc3 Nf5 10. Nf3 a6 11. a4 b5 12. axb5 a5 13. O-O a4 14. Rxa4 Rxa4
15. Qxa4 c6 16. bxc6 Qc7 17. Bf4 O-O 18. Be3 Nxe3 19. fxe3 Bg4 0-1

[Event "AUTO-INT-2959"]
[Site "http://www.queenalice.com/game.php?id=1342110"]
[Date "2015.2.17"]
[Round "1"]
[White "tomcapp"]
[Black "xmas"]
[Result "0-1"]
[WhiteElo "1403"]
[BlackElo "1451"]

1. e4 e5 2. Nf3 Nc6 3. Bc4 Nf6 4. Ng5 d5 5. Bxd5 Nxd5 6. exd5 Qxd5 7. d3 Bh3 8.
Nf3 Bxg2 9. Rg1 Bxf3 10. Qd2 O-O-O 11. Nc3 Qe6 12. b3 Bb4 13. Bb2 e4 14. d4 Nxd4
15. Qc1 Nb5 16. Qd2 Rxd2 17. Kxd2 Rd8+ 18. Ke3 Qh6+ 19. Rg5 Qxg5# 0-1

[Event "AUTO-INT-2959"]
[Site "http://www.queenalice.com/game.php?id=1342111"]
[Date "2015.2.17"]
[Round "1"]
[White "xmas"]
[Black "ACamargo"]
[Result "0-1"]
[WhiteElo "1462"]
[BlackElo "1576"]

1. e4 e5 2. Nf3 d6 3. d4 exd4 4. Nxd4 h6 5. Bc4 Nf6 6. O-O a6 7. a4 Be7 8. Nf5
Bxf5 9. exf5 O-O 10. Nc3 c6 11. Be3 Nbd7 12. a5 d5 13. Ba2 Bb4 14. Bb3 Bxa5 15.
Ne2 Re8 0-1

[Event "AUTO-INT-2959"]
[Site "http://www.queenalice.com/game.php?id=1342112"]
[Date "2015.2.17"]
[Round "1"]
[White "ACamargo"]
[Black "xmas"]
[Result "1-0"]
[WhiteElo "1564"]
[BlackElo "1474"]

1. d4 Nf6 2. c4 b6 3. Nc3 Bb7 4. e3 e6 5. Nf3 Bb4 6. Bd2 d5 7. a3 Bxc3 8. Bxc3
Ne4 9. Bd3 Nxc3 10. bxc3 Nd7 11. Qa4 O-O 12. Be2 Qf6 13. Qxd7 1-0

[Event "Challenge"]
[Site "http://www.queenalice.com/game.php?id=1342758"]
[Date "2015.2.20"]
[Round "-"]
[White "xmas"]
[Black "Aspayne"]
[Result "0-1"]
[WhiteElo "1512"]
[BlackElo "2132"]

1. e4 Nf6 2. e5 Nd5 3. c4 Nb6 4. d4 d6 5. Nf3 dxe5 6. Nxe5 g6 7. c5 Nd5 8. Bb5+
c6 9. Bd3 Bg7 10. O-O O-O 11. Na3 Nd7 12. Re1 Nxe5 13. dxe5 Nb4 14. Nc4 Nxd3 15.
Re3 Nxe5 16. Nxe5 Qxd1+ 0-1

[Event "AUTO-INT-2963"]
[Site "http://www.queenalice.com/game.php?id=1343688"]
[Date "2015.2.24"]
[Round "1"]
[White "botafoguense"]
[Black "xmas"]
[Result "1-0"]
[WhiteElo "1643"]
[BlackElo "1454"]

1. d4 Nf6 2. f3 d5 3. Nd2 e6 4. Nb3 Nh5 5. Nh3 e5 6. Nf2 Bd6 7. Be3 O-O 8. Qd3
Qf6 9. Ng4 Bxg4 10. fxg4 Nf4 11. Qf5 Qxf5 12. gxf5 Nh5 13. Bg5 Nc6 14. O-O-O h6
15. Be3 Nf6 16. c3 Ne4 17. dxe5 Nxe5 18. Rxd5 1-0

[Event "AUTO-INT-2963"]
[Site "http://www.queenalice.com/game.php?id=1343689"]
[Date "2015.2.24"]
[Round "1"]
[White "xmas"]
[Black "papyrusmoon"]
[Result "0-1"]
[WhiteElo "1371"]
[BlackElo "1431"]

1. e4 e5 2. Nf3 d5 3. Nxe5 Be6 4. d4 dxe4 5. Bc4 Nc6 6. Nxc6 bxc6 7. Bxe6 fxe6
8. Qh5+ g6 9. Qe5 Bd6 10. Qxh8 Kf8 11. Bh6+ Ke7 12. Bg5+ Nf6 13. Bxf6+ Kd7 14.
Bxd8 Rxd8 15. Qxh7+ Kc8 16. Qxg6 Bb4+ 17. c3 Be7 18. Qxe6+ Rd7 19. Nd2 e3 20.
fxe3 Bh4+ 21. g3 Bg5 22. O-O c5 23. Qa6+ Kd8 24. Qxa7 Bxe3+ 25. Kg2 Bxd2 26.
Qxc5 Re7 27. Rf8+ Re8 28. Qd5+ Ke7 29. Qf7+ Kd6 30. Qxe8 c5 31. Rf6+ Kd5 32.
Qe5+ Kc4 33. Qxc5+ Kd3 34. Rf3+ Ke2 0-1

[Event "AUTO-INT-2963"]
[Site "http://www.queenalice.com/game.php?id=1343690"]
[Date "2015.2.24"]
[Round "1"]
[White "papyrusmoon"]
[Black "xmas"]
[Result "1-0"]
[WhiteElo "1416"]
[BlackElo "1386"]

1. e4 e5 2. Qh5 Nc6 3. d3 Nf6 4. Qf5 d5 5. Qg5 h6 6. Qg3 dxe4 7. dxe4 Nxe4 8.
Qe3 Nf6 9. Nf3 Bd6 10. Bb5 O-O 11. O-O Nd4 12. Nxd4 exd4 13. Qxd4 Bxh2+ 14. Kxh2
Qxd4 15. Be3 Qxb2 16. Na3 Qxa3 17. Rfe1 Qd6+ 18. g3 Bg4 19. Bf4 1-0